Premier League Goal Scorers Quiz - Statistics

General Stats
  • This quiz has been taken 24 times
  • The average score is 11 of 15
Answer Stats
Hint Answer % Correct
Leading argentine goal scorer Aguero
100%
Leading ivorian goal scorer Drogba
95%
Man uniteds dark belgian striker Lukaku
95%
Country of ole gunnar Norway
95%
Leading premier league goal scorer Shearer
90%
Frenchmen who played upfront for Liverpool, Arsenal, City & Chelsea Anelka
85%
Vardy's partner in crime in leicester premiership Mahrez
75%
First name of United's early naughties dutch striker Ruud
75%
Leading trinidadian striker Yorke
75%
Englishmen, baby facd assasin in front of goal Owen
60%
Former park home to the Hammers Upton
60%
Leeds & Liverpool Aussie Kewell
55%
Oldest premier league goal scorer Sheringham
50%
country of the vans Netherlands
40%
Stadium home to club who won inaugral season Ewood Park
35%
No matching quizzes found
Score Distribution
Percent of People with Each Score
Percentile by Number Answered
Your Score History
You have not taken this quiz